000 01987nam a22002657a 4500
999 _c63114
_d63114
003 Ge_BSU
005 20250625100742.0
008 250604s2024 ge ||||| |||| 00| 0 geo d
020 _a9789941482939
041 _ageo
080 _a51(075.8) მ-15
245 _aმათემატიკა 7 კლასი :
_bმოსწავლის წიგნი 1 ნაწილი / გოგიშვილი, ვეფხვაძე
_c ავტორები: გურამ გოგიშვილი, თეიმურაზ ვეფხვაძე, ია მებონია, ლამარა ქურჩიშვილი; რედაქტორი თეიმურაზ ვეფხვაძე; გარეკანის დიზაინერები: გურამ გოგიშვილი, ილია ხელაია.
264 _aთბილისი :
_bინტელექტი,
_c2024.
300 _a198 გვ.:
_bილ.;
_c28 სმ.
500 _aგრიფმინიჭებულია საქართველოს განათლების, მეცნიერების, კულტურისა და სპორტის სამინისტროს მიერ 2019 წელს.
653 _a მათემატიკა
700 _aგოგიშვილი, გ.
_e ავტორი
_925254
700 _aვეფხვაძე, თეიმურაზ
_e ავტორი
_925255
700 _a მებონია, ია
_e ავტორი
_925256
700 _a ქურჩიშვილი, ლ.
_e ავტორი
_925257
700 _a ვეფხვაძე, თ.
_eრედაქტორი
_925258
700 _a გოგიშვილი, გ.
_eგარეკანის დიზაინერი
_925259
700 _aხელაია,ი.
_eგარეკანის დიზაინერი
_925260
942 _2udc
_cᲬᲘᲒᲜᲘ